000 00809nam a22002657a 4500
001 8742
003 FISKH
005 20251016154822.0
008 251016b cb ||||| |||| 00| 0 eng d
020 _a9780194644426
040 _aFISKH
_beng
_cFISKH
_dFISKH
050 _aPZ7
082 _a428.64
100 _aPenn, Julie
_eAuthor
245 _aAll about dessert /
_cJulie Penn
260 _aNew York :
_bOxford University ,
_c2010
300 _a48 pages :
_bcolor illustrations ;
_c21 cm
505 _aN
520 _aThis exciting new series of non-fiction readers provides interesting and educational content, with activities and project work.
521 8 _a700
_bLexile
521 8 _aN
_bRaz-Plus
650 _aNon-fiction
_vEducational content
942 _2ddc
_cBK
_n0
999 _c8742
_d8742